<?xml version="1.0" encoding="UTF-8"?>
<collection xmlns="http://www.loc.gov/MARC21/slim">
 <record>
  <leader>01726nam a2200217Ia 4500</leader>
  <controlfield tag="001">TDMU_33381</controlfield>
  <controlfield tag="008">210410s9999    xx            000 0 und d</controlfield>
  <datafield tag="082" ind1=" " ind2=" ">
   <subfield code="a">362.7756900973</subfield>
  </datafield>
  <datafield tag="090" ind1=" " ind2=" ">
   <subfield code="b">A107</subfield>
  </datafield>
  <datafield tag="100" ind1=" " ind2=" ">
   <subfield code="a">Anh Khang (Quách Lê Anh Khang)</subfield>
  </datafield>
  <datafield tag="245" ind1=" " ind2="0">
   <subfield code="a">Trời vẫn còn xanh em vẫn còn anh</subfield>
  </datafield>
  <datafield tag="245" ind1=" " ind2="0">
   <subfield code="b">Tập truyện ngắn</subfield>
  </datafield>
  <datafield tag="245" ind1=" " ind2="0">
   <subfield code="c">Anh Khang</subfield>
  </datafield>
  <datafield tag="260" ind1=" " ind2=" ">
   <subfield code="a">H.</subfield>
  </datafield>
  <datafield tag="260" ind1=" " ind2=" ">
   <subfield code="b">Văn học</subfield>
  </datafield>
  <datafield tag="260" ind1=" " ind2=" ">
   <subfield code="c">2017</subfield>
  </datafield>
  <datafield tag="300" ind1=" " ind2=" ">
   <subfield code="a">165tr.</subfield>
  </datafield>
  <datafield tag="520" ind1=" " ind2=" ">
   <subfield code="a">Trong Trời Vẫn Còn Xanh, Em Vẫn Còn Anh â€“ tập truyện ngắn thứ hai của Anh Khang, được ví như phần tiếp theo của tập truyện Đường hai ngả, người thương thành lạ - Anh Khang vẫn viết về tình yêu với những câu chữ dịu dàng, suy tư. Tuy nhiên, Anh Khang của 2017 có lẽ đã trưởng thành hơn trong ngòi bút lẫn tâm tình khi anh chọn đối diện với nỗi buồn bằng thái độ bình thản, lạc quan và hướng người đọc tin tưởng vào chính sức mạnh ý chí của bản thân. Những nhân vật của anh điềm đạm hơn khi nghĩ về mất mát quá khứ và họ cố gắng để sống tích cực hơn ở hiện tại, những câu chuyện dù kết thúc vui hay buồn đều ươm mầm trong đó một tia sáng hi vọng.</subfield>
  </datafield>
  <datafield tag="650" ind1=" " ind2=" ">
   <subfield code="a">Văn học Việt Nam</subfield>
   <subfield code="v">Tập truyện; Truyện ngắn Việt Nam</subfield>
  </datafield>
  <datafield tag="856" ind1=" " ind2=" ">
   <subfield code="u">http://lrc.tdmu.edu.vn/opac/search/detail.asp?aID=2&amp;ID=33381</subfield>
  </datafield>
  <datafield tag="980" ind1=" " ind2=" ">
   <subfield code="a">Trung tâm Học liệu Trường Đại học Thủ Dầu Một</subfield>
  </datafield>
 </record>
</collection>
